| 000 | 00356pam a2200157a 44500 | ||
|---|---|---|---|
| 008 | 230515b1998 xxu||||| |||| 00| 0 eng d | ||
| 020 | _aNULL | ||
| 041 | _aENGLISH | ||
| 082 | _aN.D. | ||
| 100 | _aLale. R. D | ||
| 245 | _aComputers In Medicine | ||
| 250 | _a0 | ||
| 260 |
_aNULL _bTata McGraw Hill Publishing _c1998 |
||
| 300 | _a248 | ||
| 650 | _aNULL | ||
| 999 |
_c570040 _d570040 |
||